Critical Role Player Characters - Statistics

General Stats
  • This quiz has been taken 405 times
    124 since last reset
  • The average score is 20 of 46
Answer Stats
Player Character % Correct
Travis Willingham Grog Strongjaw
93%
Taliesin Jaffe Percy de Rolo
83%
Marisha Ray Keyleth
78%
Laura Bailey Jester Lavorre
77%
Marisha Ray Laudna
77%
Ashley Johnson Pike Trickfoot
77%
Sam Riegel Veth Brenatto
77%
Ashley Johnson Yasha Nydoorin
76%
Sam Riegel Fresh Cut Grass
74%
Sam Riegel Scanlan Shorthalt
74%
Taliesin Jaffe Mollymauk Tealeaf
73%
Travis Willingham Fjord Stone
68%
Taliesin Jaffe Caduceus Clay
67%
Travis Willingham Bertrand Bell
66%
Marisha Ray Beauregard Lionett
64%
Liam O'Brien Caleb Widogast
63%
Liam O'Brien Orym
63%
Sam Riegel Taryon Darrington
57%
Travis Willingham Chetney Pock O'Pea
56%
Laura Bailey Imogen Temult
52%
Ashley Johnson Fearne Calloway
51%
Taliesin Jaffe Ashton Greymoore
50%
Orion Acaba Tiberius Stormwind
50%
Liam O'Brien Vax'ildan Vessar
46%
Robbie Daymond Dorian Storm
44%
Laura Bailey Vex'ahlia Vessar
44%
Ashly Burch Keg
32%
Khary Payton Shakaste
32%
Deborah Ann Woll Twiggy
31%
Chris Perkins Spurt
27%
Erika Ishii Yu Suffiad
27%
Sumalee Montano Nila
23%
Mark Hulmes Calianna
22%
Joe Manganiello Arkhan
16%
Darin De Paul Sprigg
14%
ND Stevenson Tova
14%
Will Friedle Kashaw Vesh
11%
Felicia Day Lyra
10%
Chris Perkins Shale
10%
Mary Elizabeth McGlynn Zahra Hydris
10%
Chris Hardwick Gern Blanston
8%
Patrick Rothfuss Kerrek
8%
Jon Heder Lionel Gayheart
6%
Jason Charles Miller Garthok
4%
Kit Buss Lillith Daturai
4%
Wil Wheaton Thorbir Falbek
4%
No matching quizzes found
Score Distribution
Percent of People with Each Score
Percentile by Number Answered
Your Score History
You have not taken this quiz since the last reset